000 00258nam a22001097a 4500
008 170124b xxu||||| |||| 00| 0 eng d
020 _a9781933107677
041 _aeng
080 _26TH
_a618.2
245 _aFUNDAMENTALS OF NURSING
_cKNIPPA, A
942 _2udc
_cBK
999 _c3485
_d3485